Strength of Materials (Record no. 6164)

000 -LEADER
fixed length control field 00468nam a22001937a 4500
001 - CONTROL NUMBER
control field 6164
003 - CONTROL NUMBER IDENTIFIER
control field BD-DhUET
008 - FIXED-LENGTH DATA ELEMENTS--GENERAL INFORMATION
fixed length control field 141130b xxu||||| |||| 00| 0 eng d
040 ## - CATALOGING SOURCE
Original cataloging agency DLC
Transcribing agency DLC
Modifying agency BD-DhUET
082 ## - DEWEY DECIMAL CLASSIFICATION NUMBER
Classification number 620.11
Item number KHU/1984
100 ## - MAIN ENTRY--PERSONAL NAME
Personal name Khurmi, R. S.
245 ## - TITLE STATEMENT
Title Strength of Materials
250 ## - EDITION STATEMENT
Edition statement 14th ed.
260 ## - PUBLICATION, DISTRIBUTION, ETC. (IMPRINT)
Place of publication, distribution, etc. New Delhi
Name of publisher, distributor, etc. S. Chand
Date of publication, distribution, etc. 1984
300 ## - PHYSICAL DESCRIPTION
Extent vi, 991 p.
Other physical details ill.
650 #0 - SUBJECT ADDED ENTRY--TOPICAL TERM
Topical term or geographic name as entry element Strength of materials
700 ## - ADDED ENTRY--PERSONAL NAME
Personal name Lal, Jagdish
942 ## - ADDED ENTRY ELEMENTS (KOHA)
Koha item type General Book
Holdings
Price effective from Piece designation (barcode) Shelving location Lost status Koha normalized classification for sorting Koha full call number Damaged status Copy number Koha item type Sublocation or collection (holding branch) Withdrawn status Date acquired Location (home branch) Not for loan Koha date last seen Source of classification or shelving scheme
2014-11-3058300Circulation section 620_110000000000000_KHU_1984620.11/KHU/1984 1General BookCentral Library, BUET 2014-11-30Central Library, BUET 2014-11-30 
2014-12-0458299Circulation section 620_110000000000000_KHU_1984620.11/KHU/1984 2General BookCentral Library, BUET 2014-12-04Central Library, BUET 2014-12-04 
2014-12-0458304Circulation section 620_110000000000000_KHU_1984620.11/KHU/1984 3General BookCentral Library, BUET 2014-12-04Central Library, BUET 2017-01-25 
2014-12-0658293Circulation section 620_110000000000000_KHU_1984620.11/KHU/1984 4General BookCentral Library, BUET 2014-12-06Central Library, BUET 2014-12-06 
2014-12-0639805Circulation section 620_110000000000000_KHU_1984620.11/KHU/1984 5General BookCentral Library, BUET 2014-12-06Central Library, BUET 2014-12-06 
2015-04-3058305Circulation section 620_110000000000000_KHU_1984620.11/KHU/1984 6General BookCentral Library, BUET 2015-04-30Central Library, BUET 2015-04-30 
2015-04-3058303Circulation section 620_110000000000000_KHU_1984620.11/KHU/1984 7General BookCentral Library, BUET 2015-04-30Central Library, BUET 2015-04-30 
2015-06-2058306Reading section 620_110000000000000_KHU_1984620.11/KHU/1984 8Reading ItemCentral Library, BUET 2015-06-20Central Library, BUET 2015-06-20 
2015-06-2858297Reading section 620_110000000000000_KHU_1984620.11/KHU/1984 11Reading ItemCentral Library, BUET 2015-06-28Central Library, BUET 2015-06-28 
2015-06-2858298Reading section 620_110000000000000_KHU_1984620.11/KHU/1984 10Reading ItemCentral Library, BUET 2015-06-28Central Library, BUET 2015-06-28 
2015-06-2858301Reading section 620_110000000000000_KHU_1984620.11/KHU/1984 11Reading ItemCentral Library, BUET 2015-06-28Central Library, BUET 2015-06-28 
2015-06-3058296Reading section 620_110000000000000_KHU_1984620.11/KHU/1984 12Reading ItemCentral Library, BUET 2015-06-30Central Library, BUET 2015-06-30 
2015-06-3058295Reading section 620_110000000000000_KHU_1984620.11/KHU/1984 13Reading ItemCentral Library, BUET 2015-06-30Central Library, BUET 2015-06-30 
2015-07-0258302Reading section 620_110000000000000_KHU_1984620.11/KHU/1984 14Reading ItemCentral Library, BUET 2015-07-02Central Library, BUET 2015-07-02